000 01553nam a2200361 i 4500
003 EG-GICUC
005 20260314093032.0
008 260128s1998 ua |||fr|||| 00| 0 ara d
017 _a6/70/98
_a3866/1998
020 _a9771960881
020 _a9772002256
040 _a EG-GICUC
_bara
_c EG-GICUC
_d EG-GICUC
_erda
041 0 _aAra
082 0 4 _221
_a343.3
_bع ب . ق
092 0 4 _221
099 _aLaw1 10 343.3 ع ب . ق 1998
100 0 _aعبدالرحيم صدقى
_eمؤلف.
245 1 2 _aالقانون الجنائى ودراسات فلسفية وسياسية جنائية متعمقة :
_bدور الفلسفة والسياسة الجنائية فى تطوير القانون الجنائى /
_cتأليف دكتور عبدالرحيم صدقى.
264 1 _aالقاهرة :
_bالمؤسسة الفنية للطباعة والنشر،
_c1998.
300 _a402 صفحة؛
_c24 سم.
_bإيضاحيات، صور، مثيليات ؛
336 _2rda content
_atext
337 _2rda media
_aComputer
338 _2rda carrier
_aOnline Resource
490 _aموسوعة صدقى فى القانون الجنائى؛
_vالمجلد الخامس عشر
504 _a. 240-220 ببليوجرافيا: صفحات.
546 _aالنص باللغة العربية
650 1 _aقانون الإجراءات الجنائية
_2qrmak
650 1 _aالقانون الجنائى
_2qrmak
651 1 _2qrmak
856 4 0 _uhttps://fll.law.cu.edu.eg/fulltext/bks/B10-08708.pdf
905 _a54
942 _2ddc
_cBK
_e21
_n0
999 _c59923
_d59923